许嵩所有官方发行歌曲及专辑 - 2024年3月 - Statistics

General Stats
  • This quiz has been taken 40 times
  • The average score is 39 of 142
Answer Stats
歌曲 年份 % Correct
断桥残雪 2007
82%
玫瑰花的葬礼 2006
79%
素颜 2010
79%
有何不可
75%
庐州月
71%
清明雨上
68%
千百度
64%
天龙八部之宿敌 2011
64%
拆东墙
61%
雅俗共赏
61%
灰色头像
57%
乌鸦 2021
57%
半城烟沙 2010
57%
半城烟沙(2020) 2020
57%
城府
54%
微博控
54%
幻听
54%
如果当时 2009
50%
多余的解释
50%
胡萝卜须 2012
50%
全球变冷
50%
如果当时2020 2020
50%
想象之中 2011
46%
河山大好
46%
山水之间
46%
内线
43%
星座书上
43%
惊鸿一面
43%
燕归巢
43%
违章动物 2013
43%
降温
39%
伴虎
39%
最佳歌手
39%
摄影艺术
39%
大千世界
39%
叹服 2010
36%
白马非马
36%
医生
36%
你若成风 2007
36%
南山忆 2008
36%
坏孩子
32%
认错
32%
不煽情
32%
我们的恋爱是对生命的严重浪费
32%
毁人不倦
32%
七号公园 2006
32%
对话老师
29%
等到烟火清凉 2014
29%
七夕
29%
宇宙之大
29%
梧桐灯
29%
弹指一挥间
29%
如约而至
29%
安琪 2007
29%
我想牵着你的手 2008
29%
敬酒不吃
25%
闺蜜
25%
科幻
25%
冰柜
25%
尘世美 2006
25%
墨尔本,晴 2006
25%
别咬我 2007
25%
天使 2008
25%
情侣装 2008
25%
小烦恼没什么大不了 2013
25%
今年勇 2016
25%
通关 2017
25%
合拍 2023
25%
在那不遥远的地方
21%
装糊涂
21%
老古董 2018
21%
艺术家们
21%
21%
野人
21%
三尺
21%
庞贝
21%
粉色信笺 2006
21%
安徒生不后悔 2006
21%
英国情人 2007
21%
爱情里的眼泪 2008
21%
惟爱你 2008
21%
千古 2015
21%
深夜书店 2017
21%
温泉 2020
21%
我无所谓
18%
单人旅途
18%
双人旁
18%
有桃花
18%
隐隐约约
18%
幻胖
18%
摆脱
18%
重复重复
18%
万古
18%
隔代
18%
雪花谣 2007
18%
飞蛾 2007
18%
书香年华 2016
18%
蝴蝶的时间 2017
18%
我乐意  2018
18%
雨幕 2019
18%
Play with style
18%
亲情式的爱情
14%
奇谈 2016
14%
平行宇宙
14%
九月清晨
14%
明智之举
14%
柳成荫
14%
送你的独白 2006
14%
摇头玩 2006
14%
静夜思 2006
14%
散场电影 2006
14%
看不见的风景 2007
14%
朝舞 2007
14%
我很喜欢 2008
14%
留香 2022
14%
我的baby 2008
14%
假摔
11%
超市
11%
浅唱 2006
11%
江湖 2016
11%
飞驰于你 2018
11%
放肆 2020
11%
羡慕 2020
11%
如谜 2023
11%
没想到 2023
11%
心疼你的过去
7%
早睡身体好
7%
烟花笑 2005
7%
不语 2016
7%
绝代风华 2018
7%
纸上雪 2022
7%
诗画中国 2022
7%
忆黄山 2022
7%
只有你 2023
7%
晃晃悠悠 2006
4%
我的爱情也曾经过 2006
4%
她告诉我 2007
4%
放飞 2021
4%
心有所向 2023
4%
齐天大圣 2007
0%
渲染离别 2007
0%
昨夜书 2021
0%
No matching quizzes found
Score Distribution
Percent of People with Each Score
Percentile by Number Answered
Your Score History
You have not taken this quiz